The philosophy of politics
Đã lưu trong:
| Tác giả chính: | |
|---|---|
| Định dạng: | Sách |
| Ngôn ngữ: | Tiếng Anh |
| Được phát hành: |
Durham
Rosmini House
1994
|
| Những chủ đề: | |
| Các nhãn: |
Thêm thẻ
Không có thẻ, Là người đầu tiên thẻ bản ghi này!
|
MARC
| LEADER | 00000nam a2200000 a 4500 | ||
|---|---|---|---|
| 001 | UCY5500 | ||
| 003 | CL-VaPUC | ||
| 008 | 950511e19940000UK |||||||||||||||||eng|d | ||
| 082 | 0 | 4 | |a 320.01 |b ROS |2 21 |
| 100 | 0 | |a Rosmini Serbati, Antonio |e author |9 327527 | |
| 245 | 1 | 4 | |a The philosophy of politics |
| 300 | |a 2 v | ||
| 942 | |c BK | ||
| 945 | |d 19950511 00:00:00 |a aalvarez | ||
| 260 | |a Durham |b Rosmini House |c 1994 | ||
| 500 | |a v.1: The Summary Cause for the Stability or Downfall of Human Societies | ||
| 500 | |a v.2: Society and its Purpose | ||
| 650 | 7 | |a FILOSOFIA POLITICA |2 CL-VaPUC |9 334326 | |
| 650 | 0 | |a Política |9 255312 | |
| 583 | |a last modification |c 20120828 09:03:36 |k Rodrigo Vera | ||
| 999 | |c 233154 |d 233152 | ||
| 952 | |0 0 |1 0 |4 0 |6 320_010000000000000_ROS_1994 |7 0 |8 P |9 238417 |a BIBEDU |b BIBEDU |c BIBEDU_PB |d 2019-11-18 |h v.1 |i 3085007 |o 320.01 ROS 1994 |p 3085007 |r 2024-01-25 |w 2019-11-18 |y BK |k FIL | ||
| 952 | |0 0 |1 0 |4 0 |6 320_010000000000000_ROS_1994 |7 0 |8 P |9 238418 |a BIBEDU |b BIBEDU |c BIBEDU_PB |d 2019-11-18 |h v.1 |i 3085015 |o 320.01 ROS 1994 |p 3085015 |r 2024-01-25 |w 2019-11-18 |y BK |k FIL | ||
| 952 | |0 0 |1 0 |4 0 |6 320_010000000000000_ROS_1994 |7 0 |8 P |9 238419 |a BIBEDU |b BIBEDU |c BIBEDU_PB |d 2019-11-18 |h v.1 |i 3085023 |o 320.01 ROS 1994 |p 3085023 |r 2024-01-25 |w 2019-11-18 |y BK |k FIL | ||
| 952 | |0 0 |1 0 |4 0 |6 320_010000000000000_ROS_1994 |7 0 |8 P |9 238420 |a BIBEDU |b BIBEDU |c BIBEDU_PB |d 2019-11-18 |h v.2 |i 308504K |o 320.01 ROS 1994 |p 308504K |r 2024-01-25 |w 2019-11-18 |y BK |k FIL | ||
| 952 | |0 0 |1 0 |4 0 |6 320_010000000000000_ROS_1994 |7 0 |8 P |9 238421 |a BIBEDU |b BIBEDU |c BIBEDU_PB |d 2019-11-18 |h v.2 |i 3085058 |o 320.01 ROS 1994 |p 3085058 |r 2024-01-25 |w 2019-11-18 |y BK |k FIL | ||
| 952 | |0 0 |1 0 |4 0 |6 320_010000000000000_ROS_1994 |7 0 |8 P |9 238422 |a BIBEDU |b BIBEDU |c BIBEDU_PB |d 2019-11-18 |h v.2 |i 3085031 |o 320.01 ROS 1994 |p 3085031 |r 2024-01-25 |w 2019-11-18 |y BK |k FIL | ||
| 952 | |0 0 |1 0 |4 0 |6 320_010000000000000_ROS_1994 |7 0 |8 P |9 238423 |a BIBEDU |b BIBEDU |c BIBEDU_PB |d 2019-11-18 |h v.1 |i 1570242 |o 320.01 ROS 1994 |p 1570242 |r 2024-01-25 |w 2019-11-18 |y BK |k FIL | ||
| 952 | |0 0 |1 0 |4 0 |6 320_010000000000000_ROS_1994 |7 0 |8 P |9 238424 |a BIBEDU |b BIBEDU |c BIBEDU_PB |d 2019-11-18 |h v.2 |i 1570250 |o 320.01 ROS 1994 |p 1570250 |r 2024-01-25 |w 2019-11-18 |y BK |k FIL | ||